A munkahelyi jóllét kapcsolata a munkavállalói elégedettséggel és elkötelezettséggel.

Bibliographic Details
Main Author: Ducsák Dóra
Other Authors: Krajcsák Dr. Zoltán
Marázi Judit
Format: Thesis
Kulcsszavak:Munkahelyi jóllét
Munkavállalói elégedettség
Munkavállalói elkötelezettség
Online Access:http://dolgozattar.uni-bge.hu/22088

MARC

LEADER 00000nta a2200000 i 4500
001 dolg22088
005 20190515174737.0
008 190515suuuu hu om 000 hun d
040 |a BGE Dolgozattár Repozitórium  |b hun 
041 |a hu 
100 1 |a Ducsák Dóra 
245 1 2 |a A munkahelyi jóllét kapcsolata a munkavállalói elégedettséggel és elkötelezettséggel.  |c Ducsák Dóra  |h [elektronikus dokumentum] 
246 1 1 |a A munkahelyi jóllét kapcsolata a munkavállalói elégedettséggel és elkötelezettséggel. 
695 |a Munkahelyi jóllét 
695 |a Munkavállalói elégedettség 
695 |a Munkavállalói elkötelezettség 
700 1 |a Krajcsák Dr. Zoltán  |e ths 
700 1 |a Marázi Judit  |e ths 
856 4 0 |u http://dolgozattar.uni-bge.hu/22088/1/Szakdolgozat%202019.pdf  |z Dokumentum-elérés